Clinics in plastic surgery (Record no. 38134)

MARC details
000 -LEADER
fixed length control field 00463nam a2200169Ia 4500
022 ## - INTERNATIONAL STANDARD SERIAL NUMBER
ISSN 00941298
050 ## - CALL MARK
Classification number RD 559. S83/
245 #0 - TITLE STATEMENT
Title Clinics in plastic surgery
260 ## - PUBLICATION, DISTRIBUTION, ETC. (IMPRINT)
Place of publication Philadelphia
260 ## - PUBLICATION, DISTRIBUTION, ETC. (IMPRINT)
Name of publisher W. B. Saunders Company
260 ## - PUBLICATION, DISTRIBUTION, ETC. (IMPRINT)
Year of publication 1995
300 ## - PHYSICAL DESCRIPTION
Number of Pages xii, 583 p. : ill. ; 24 cm.
650 ## - SUBJECT ADDED ENTRY--TOPICAL TERM
Topical Term Hand--Surgery--Periodical Surgery, Plastic-- Pereiodicals.
942 ## - ADDED ENTRY ELEMENTS (KOHA)
Koha item type Serials

No items available.